The Largest Libraries in the World - Statistics

General Stats
  • This quiz has been taken 37 times
  • The average score is 4 of 15
Answer Stats
Hint Answer % Correct
2. Library of Congress
77%
1. British Library
71%
3. New York Public Library
63%
8. Bibliothèque nationale de France
37%
9. National Library of China
29%
12. German National Library
26%
5. Shanghai Library
26%
15. Berlin State Library
20%
7. National Diet Library
20%
13. Biblioteca nacional de España
17%
11. Royal Danish Library
17%
10. National Library of Russia
11%
6. Russian State Library
11%
4. Library and Archives of Canada
3%
14. Library of the Russian Academy of Sciences
0%
No matching quizzes found
Score Distribution
Percent of People with Each Score
Percentile by Number Answered
Your Score History
You have not taken this quiz